| 000 | 01110nam a2200229 a 4500 | ||
|---|---|---|---|
| 008 | 120416s2004 ||||||||||||||||| || u | ||
| 020 | _a0618305874 | ||
| 050 | _aHD 58.7 Moo | ||
| 100 | _aMoorhead, Gregory | ||
| 245 | 1 | 0 | _aOrganizational behaviour (7th Ed.) |
| 246 | _amanaging people and organizations | ||
| 250 | _a7th ed. | ||
| 260 |
_aBoston, MA : _bHoughton Mifflin _c2004 |
||
| 300 | _axxviii, 628p. : ill. | ||
| 350 | _a0.00 | ||
| 650 | _aORGANIZATIONAL BEHAVIOUR | ||
| 650 | 0 | _aMANAGEMENT | |
| 995 |
_D0.00 _FCBU-MAIN LIBRARY (Kitwe) _H1 _I45.00 _M1 _UDAMAGED _ZMain Library Open Access Collection |
||
| 995 |
_D0.00 _FCBU-MAIN LIBRARY (Kitwe) _H2 _I45.00 _M2 _UAVAILABLE _VMar 11, 2013 _ZMain Library Open Access Collection |
||
| 995 |
_D0.00 _FCBU-MAIN LIBRARY (Kitwe) _H3 _I45.00 _M3 _UAVAILABLE _ZShort Loan Collection |
||
| 995 |
_D0.00 _FCBU-MAIN LIBRARY (Kitwe) _H4 _I45.00 _M4 _UAVAILABLE _ZShort Loan Collection |
||
| 999 |
_c81679 _d81679 |
||